Report. (Record no. 72037)

MARC details
000 -LEADER
fixed length control field 00982cam a22002771 4500
001 - CONTROL NUMBER
control field sa 67000551
003 - CONTROL NUMBER IDENTIFIER
control field DLC
005 - DATE AND TIME OF LATEST TRANSACTION
control field 20260227112315.0
008 - FIXED-LENGTH DATA ELEMENTS--GENERAL INFORMATION
fixed length control field 791211s1964 ii s000 0 eng
010 ## - LIBRARY OF CONGRESS CONTROL NUMBER
LC control number sa 67000551
025 ## - OVERSEAS ACQUISITION NUMBER
Overseas acquisition number PL480:I-E-6353
035 ## - SYSTEM CONTROL NUMBER
System control number (OCoLC)5783365
040 ## - CATALOGING SOURCE
Original cataloging agency DLC
Transcribing agency WU
Modifying agency DLC
042 ## - AUTHENTICATION CODE
Authentication code premarc
043 ## - GEOGRAPHIC AREA CODE
Geographic area code a-ii---
050 00 - LIBRARY OF CONGRESS CALL NUMBER
Classification number HB235.I42
Item number M3
110 1# - MAIN ENTRY--CORPORATE NAME
Corporate name or jurisdiction name as entry element Maharashtra (India).
Subordinate unit Expert Committee on Readjustment in the Existing Series of Consumers Price Index Numbers for Industrial Workers, Bombay, and Linking it up with the New Series.
245 00 - TITLE STATEMENT
Title Report.
Remainder of title Bombay, 7th January 1964.
260 ## - PUBLICATION, DISTRIBUTION, ETC.
Place of publication, distribution, etc. Bombay,
Name of publisher, distributor, etc. Director, Govt. Print. and Stationery,
Date of publication, distribution, etc. 1964.
300 ## - PHYSICAL DESCRIPTION
Extent 47 p.
Dimensions 21 cm.
500 ## - GENERAL NOTE
General note Cover title.
500 ## - GENERAL NOTE
General note At head of title: Govt. of Maharashtra. Industries and Labour Dept.
650 #0 - SUBJECT ADDED ENTRY--TOPICAL TERM
Topical term or geographic name entry element Prices
Geographic subdivision India
-- Mumbai.
650 #0 - SUBJECT ADDED ENTRY--TOPICAL TERM
Topical term or geographic name entry element Price indexes.
710 1# - ADDED ENTRY--CORPORATE NAME
Corporate name or jurisdiction name as entry element Maharashtra (India).
Subordinate unit Industries and Labour Department.

No items available.

Powered by Koha